Songs with Women’s Names Quiz - Statistics

General Stats
  • This quiz has been taken 40 times
  • The average score is 10 of 21
Answer Stats
Hint Answer % Correct
Billie Jean Michael Jackson
94%
Sweet Caroline Neil Diamond
86%
Eleanor Rigby The Beatles
81%
Roxanne The Police
78%
Angie The Rolling Stones
67%
Layla Derek and the Dominos
61%
Barbara Ann The Beach Boys
61%
Cecelia Simon and Garfunkel
58%
Rhiannon Fleetwood Mac
53%
Lola The Kinks
53%
Maria Blondie
47%
Maybellene Chuck Berry
44%
Amanda Boston
36%
Rosanna Toto
36%
Alison Elvis Costello
31%
Suzie Q Creedence Clearwater Revival
25%
Lucille Little Richard
19%
Dolly Dagger Jimi Hendrix
14%
Sara Starship
14%
Ana Ng They Might Be Giants
14%
Sweet Jane The Velvet Underground
11%
No matching quizzes found
Score Distribution
Percent of People with Each Score
Percentile by Number Answered
Your Score History
You have not taken this quiz